000 00787nam a2200253Ia 4500
003 OSt
005 20220923215218.0
006 a|||||r|||| 00| 0
007 ta
008 220922b |||||||| |||| 00| 0 hin d
024 _a176,655
037 _cTextual
040 _aARTS
_cARTS
_bhin
041 _2hin
_ahin
082 _aO152,1:gN1, N0
100 _aभादू, राजाराम
245 0 _aकविता के सन्दर्भ
246 _aKavitā ke sandarbha
260 _aजयपुर
_b विनोद गुप्ता
_c1990
300 _a134 पृ.
_ccm.
650 _aहिन्दी साहित्य
_9156264
942 _hO152,1:gN1, N0
_cTEXL
_2CC
999 _c330168
_d330168